| 000 | 00315 a2200121 4500 | ||
|---|---|---|---|
| 020 | _a0534508278 | ||
| 082 | _a361.00684 ROV | ||
| 100 | _aRoyse, David | ||
| 245 |
_aProgram Evaluation _cDavid Royse |
||
| 250 | _a4th ed. | ||
| 260 |
_aAustralia : _bThomson Brooks Cor, _c2006 |
||
| 300 |
_axii, 428p. : _bill ., ; _c24 cm |
||
| 650 | _aHuman service | ||
| 999 |
_c380 _d380 |
||